[Event "24th Klatovy A 2016"]
[Site "Klatovy CZE"]
[Date "2016.07.10"]
[Round "9.14"]
[White "Bartos, Jan"]
[Black "Stolc, Martin"]
[Result "1/2-1/2"]
[WhiteElo "2180"]
[BlackElo "2042"]
[PlyCount "45"]
[EventDate "2016.07.02"]
[EventType "swiss"]
[EventRounds "9"]
[EventCountry "CZE"]

1. d4 f5 2. g3 Nf6 3. Bg2 g6 4. Nf3 Bg7 5. O-O d6 6. c4 O-O 7. Nc3 c6 8. d5 h6 9. Re1 e5 10. dxe6 Bxe6 11. Qd3 Na6 12. Bf4 d5 13. cxd5 Nxd5 14. Be5 Qe7 15. Bxg7 Qxg7 16. Nxd5 Bxd5 17. Qd4 Rfe8 18. Qxg7+ Kxg7 19. Nd4 Rad8 20. e3 Kf6 21. Rad1 Re7 22. Bxd5 Rxd5 23. Kf1 1/2-1/2

[Event "24th Klatovy A 2016"]
[Site "Klatovy CZE"]
[Date "2016.07.10"]
[Round "9.15"]
[White "Jelinek, Michal"]
[Black "Van Kempen, Roderick"]
[Result "1-0"]
[WhiteElo "2176"]
[BlackElo "2042"]
[PlyCount "107"]
[EventDate "2016.07.02"]
[EventType "swiss"]
[EventRounds "9"]
[EventCountry "CZE"]

1. d4 e6 2. c4 Nf6 3. Nc3 Bb4 4. Qc2 O-O 5. a3 Bxc3+ 6. Qxc3 Qe8 7. Bf4 d6 8. h3 Nc6 9. e3 e5 10. dxe5 dxe5 11. Bh2 Ne4 12. Qc2 f5 13. Nf3 a5 14. Be2 Qe7 15. Rd1 Nc5 16. O-O a4 17. Qc3 Re8 18. Ne1 Ne4 19. Qc2 Nf6 20. Qc3 Ne4 21. Qc2 Nf6 22. Bf3 e4 23. Be2 Ra5 24. Qc3 b6 25. Nc2 Ne5 26. Nb4 Bb7 27. Rd2 Rc5 28. Rfd1 Nf7 29. Rd4 g5 30. Qd2 Kg7 31. Nd5 Bxd5 32. cxd5 Rd8 33. d6 cxd6 34. Rxa4 d5 35. Ra6 Rdc8 36. Qd4 Rc2 37. Bf1 R8c6 38. Rxb6 Rxb6 39. Qxb6 h5 40. Qb3 Qc5 41. Qb4 Qxb4 42. axb4 Rxb2 43. b5 Kf8 44. Bc7 Ke7 45. b6 Nd8 46. Ba6 Ne6 47. Rc1 Nd7 48. Bc8 Ndc5 49. Ra1 Nxc7 50. bxc7 Kd6 51. Ra7 Rb1+ 52. Kh2 Rc1 53. Bxf5 Ne6 54. Ra6+ 1-0

[Event "24th Klatovy A 2016"]
[Site "Klatovy CZE"]
[Date "2016.07.10"]
[Round "9.16"]
[White "Vorisek, Jaroslav"]
[Black "Zilavy, Jan"]
[Result "1-0"]
[WhiteElo "2171"]
[BlackElo "2030"]
[PlyCount "69"]
[EventDate "2016.07.02"]
[EventType "swiss"]
[EventRounds "9"]
[EventCountry "CZE"]

1. e4 e6 2. d4 d5 3. Nd2 Nf6 4. e5 Nfd7 5. c3 c5 6. Bd3 b6 7. a4 Ba6 8. Bb5 Bxb5 9. axb5 cxd4 10. cxd4 f6 11. f4 fxe5 12. dxe5 Nc5 13. Ndf3 Ne4 14. Ne2 Bb4+ 15. Kf1 O-O 16. g3 Qe8 17. Ned4 Nd7 18. Kg2 Bc5 19. Be3 Bxd4 20. Nxd4 Qg6 21. Qe2 h5 22. Rhc1 h4 23. g4 Ndc5 24. Ra3 Rf7 25. b4 Ng5 26. fxg5 Qe4+ 27. Kg1 Raf8 28. bxc5 h3 29. c6 Rf3 30. Nxf3 Rxf3 31. c7 Qxg4+ 32. Kh1 Qe4 33. c8=Q+ Kh7 34. g6+ Kxg6 35. Qe8+ 1-0

[Event "24th Klatovy A 2016"]
[Site "Klatovy CZE"]
[Date "2016.07.10"]
[Round "9.17"]
[White "Ratsma, Midas"]
[Black "Krauskopfova, Lenka 1996"]
[Result "1-0"]
[WhiteElo "2171"]
[BlackElo "1961"]
[PlyCount "79"]
[EventDate "2016.07.02"]
[EventType "swiss"]
[EventRounds "9"]
[EventCountry "CZE"]

1. d4 Nf6 2. Bg5 d5 3. e3 Bg4 4. Nf3 e6 5. Nbd2 Be7 6. Be2 O-O 7. O-O Nbd7 8. c4 c6 9. Rc1 Ne4 10. Bf4 Ndf6 11. Nb3 Nh5 12. Be5 f6 13. h3 Bxf3 14. gxf3 Nxf2 15. Rxf2 fxe5 16. dxe5 Ng3 17. Bd3 Qe8 18. Rg2 Nf5 19. Bxf5 Rxf5 20. f4 Rh5 21. Nd4 Rh6 22. cxd5 cxd5 23. Rc7 Rg6 24. Rxb7 Bc5 25. Rxg6 Qxg6+ 26. Qg4 Bxd4 27. exd4 Qxg4+ 28. hxg4 Rf8 29. f5 exf5 30. Rxa7 fxg4 31. Rd7 Rc8 32. Rxd5 Rc1+ 33. Kg2 Rc2+ 34. Kg3 Rxb2 35. a4 h5 36. e6 Kf8 37. Rxh5 Rb4 38. d5 Rxa4 39. d6 Rd4 40. Rh8# 1-0

[Event "24th Klatovy A 2016"]
[Site "Klatovy CZE"]
[Date "2016.07.10"]
[Round "9.18"]
[White "Kozak, Milos"]
[Black "Brunova, Blanka"]
[Result "1-0"]
[WhiteElo "2152"]
[BlackElo "1880"]
[PlyCount "63"]
[EventDate "2016.07.02"]
[EventType "swiss"]
[EventRounds "9"]
[EventCountry "CZE"]

1. d4 Nf6 2. c4 e5 3. dxe5 Ng4 4. Bf4 g5 5. Bg3 Bg7 6. Nf3 Nc6 7. h4 Ngxe5 8. hxg5 Nxf3+ 9. gxf3 Bxb2 10. Nd2 Qxg5 11. Rb1 Bc3 12. Bxc7 d6 13. Bxd6 Qg6 14. Rb3 Ba5 15. Re3+ Be6 16. Bh3 O-O-O 17. Bxe6+ fxe6 18. c5 Qg2 19. Rf1 h5 20. Rxe6 Nd4 21. Re4 Nf5 22. Qc2 h4 23. Rg4 Ng3 24. fxg3 h3 25. Qf5+ Rd7 26. c6 Bxd2+ 27. Kxd2 bxc6 28. Rc4 Rhd8 29. Rxc6+ Kb7 30. Rb1+ Ka8 31. Rc8+ Rxc8 32. Qd5+ 1-0

[Event "24th Klatovy A 2016"]
[Site "Klatovy CZE"]
[Date "2016.07.10"]
[Round "9.19"]
[White "Horak, Martin"]
[Black "Chmel, Kristian"]
[Result "1/2-1/2"]
[WhiteElo "2107"]
[BlackElo "2114"]
[PlyCount "54"]
[EventDate "2016.07.02"]
[EventType "swiss"]
[EventRounds "9"]
[EventCountry "CZE"]

1. e4 c5 2. b3 d5 3. exd5 Qxd5 4. Nc3 Qd8 5. Bb2 Nf6 6. Bb5+ Bd7 7. Bxd7+ Qxd7 8. Nf3 Nc6 9. Qe2 e6 10. O-O-O Be7 11. Ne5 Nxe5 12. Qxe5 O-O 13. Ne4 Rac8 14. Qg5 Ne8 15. Qe3 a5 16. h4 c4 17. Kb1 Rc6 18. Rh3 f5 19. Ng5 cxb3 20. cxb3 Bf6 21. d4 Nc7 22. Rhh1 Nd5 23. Qe2 Rfc8 24. Rhe1 Nf4 25. Qf3 Nd5 26. Qe2 Nf4 27. Qf3 Nd5 1/2-1/2

[Event "24th Klatovy A 2016"]
[Site "Klatovy CZE"]
[Date "2016.07.10"]
[Round "9.20"]
[White "Cekan, Petr1"]
[Black "Routner, Jakub"]
[Result "1/2-1/2"]
[WhiteElo "1993"]
[BlackElo "2130"]
[PlyCount "54"]
[EventDate "2016.07.02"]
[EventType "swiss"]
[EventRounds "9"]
[EventCountry "CZE"]

1. e4 c5 2. Nc3 e6 3. f4 Nc6 4. Nf3 Nge7 5. Bb5 a6 6. Bxc6 Nxc6 7. d3 d5 8. e5 Be7 9. O-O f5 10. d4 cxd4 11. Nxd4 Qb6 12. Nce2 Bd7 13. c3 O-O 14. Qb3 Qc7 15. Nxc6 bxc6 16. Be3 c5 17. Rf2 Rfb8 18. Qc2 Rb7 19. h3 Rab8 20. b3 a5 21. Rd1 a4 22. Nc1 Bh4 23. Rfd2 Ra8 24. Kh2 axb3 25. axb3 c4 26. b4 Ba4 27. Qa2 Rbb8 1/2-1/2

[Event "24th Klatovy A 2016"]
[Site "Klatovy CZE"]
[Date "2016.07.10"]
[Round "9.21"]
[White "Kaderabek, Jiri"]
[Black "Zizka, Petr"]
[Result "1-0"]
[WhiteElo "2125"]
[BlackElo "2004"]
[PlyCount "29"]
[EventDate "2016.07.02"]
[EventType "swiss"]
[EventRounds "9"]
[EventCountry "CZE"]

1. e4 d6 2. d4 Nf6 3. Nc3 c6 4. Be3 Qa5 5. Bd3 e5 6. Nge2 Nbd7 7. O-O Be7 8. h3 b5 9. b4 Qc7 10. d5 cxd5 11. Nxb5 Qb7 12. exd5 Nxd5 13. Be4 N7f6 14. Bxd5 Nxd5 15. Qxd5 1-0

[Event "24th Klatovy A 2016"]
[Site "Klatovy CZE"]
[Date "2016.07.10"]
[Round "9.22"]
[White "Hlavac, Rudolf"]
[Black "Vanek, Petr"]
[Result "1/2-1/2"]
[WhiteElo "1983"]
[BlackElo "2112"]
[PlyCount "43"]
[EventDate "2016.07.02"]
[EventType "swiss"]
[EventRounds "9"]
[EventCountry "CZE"]

1. e4 e6 2. d4 d5 3. Nd2 Nf6 4. e5 Nfd7 5. c3 c5 6. Bd3 Nc6 7. Ne2 cxd4 8. cxd4 f6 9. exf6 Nxf6 10. O-O Bd6 11. Nf3 Qc7 12. Nc3 a6 13. Bg5 O-O 14. Bh4 Bd7 15. Rc1 Bf4 16. Bg3 Nh5 17. Rb1 Nxg3 18. hxg3 Bh6 19. Na4 e5 20. dxe5 Nxe5 21. Nxe5 Qxe5 22. Nb6 1/2-1/2

[Event "24th Klatovy A 2016"]
[Site "Klatovy CZE"]
[Date "2016.07.10"]
[Round "9.23"]
[White "Parizek, Vojtech"]
[Black "Neuman Zakoucka, Adela 1987"]
[Result "0-1"]
[WhiteElo "2104"]
[BlackElo "1969"]
[PlyCount "88"]
[EventDate "2016.07.02"]
[EventType "swiss"]
[EventRounds "9"]
[EventCountry "CZE"]

1. e4 c5 2. Nf3 Nc6 3. d4 cxd4 4. Nxd4 g6 5. g3 Bg7 6. Ne2 b5 7. Nbc3 Rb8 8. Bg2 Nf6 9. O-O O-O 10. h3 d6 11. Nd5 Bb7 12. Re1 Nd7 13. Rb1 Qa5 14. a3 Nde5 15. Bd2 Qd8 16. Bc3 e6 17. Nb4 a5 18. Nxc6 Nxc6 19. Bxg7 Kxg7 20. Qd3 Ne5 21. Qd4 Kg8 22. Rbd1 Qc7 23. Nc3 Bc8 24. Qxd6 Qxd6 25. Rxd6 Nc4 26. Rc6 Nxb2 27. Rb1 Bb7 28. Rb6 Nc4 29. R6xb5 Nxa3 30. Rxb7 Nxb1 31. Rxb1 Rxb1+ 32. Nxb1 Rc8 33. c3 Rb8 34. Nd2 a4 35. Bf1 a3 36. Bc4 Rb2 37. Nf3 Rc2 38. Nd4 Rxc3 39. Ba2 e5 40. Nb5 Rc2 41. Nxa3 Rxa2 42. Nc4 f6 43. Kg2 Ra4 44. Nd2 Rd4 0-1

[Event "24th Klatovy A 2016"]
[Site "Klatovy CZE"]
[Date "2016.07.10"]
[Round "9.25"]
[White "Gschwendtner, Stanislav"]
[Black "Kotal, Vaclav"]
[Result "1/2-1/2"]
[WhiteElo "2058"]
[BlackElo "1886"]
[PlyCount "27"]
[EventDate "2016.07.02"]
[EventType "swiss"]
[EventRounds "9"]
[EventCountry "CZE"]

1. c4 Nf6 2. Nc3 c5 3. g3 Nc6 4. Bg2 g6 5. Nf3 Bg7 6. d4 cxd4 7. Nxd4 O-O 8. Nc2 d6 9. h3 Be6 10. Ne3 Rc8 11. Rb1 Qd7 12. b3 Nb4 13. a3 Na6 14. Ned5 1/2-1/2

[Event "24th Klatovy A 2016"]
[Site "Klatovy CZE"]
[Date "2016.07.10"]
[Round "9.26"]
[White "Pick, Stepan"]
[Black "Cecil, Pavel"]
[Result "1/2-1/2"]
[WhiteElo "2058"]
[BlackElo "1929"]
[PlyCount "38"]
[EventDate "2016.07.02"]
[EventType "swiss"]
[EventRounds "9"]
[EventCountry "CZE"]

1. Nf3 d6 2. d4 Nf6 3. c4 g6 4. Nc3 Bg7 5. e4 O-O 6. Be2 e5 7. O-O Nc6 8. d5 Ne7 9. b4 a5 10. Ba3 axb4 11. Bxb4 b6 12. a4 Nd7 13. a5 bxa5 14. Bxa5 Ba6 15. Nd2 Nc5 16. Nb3 Nxb3 17. Qxb3 Qd7 18. Nb5 c6 19. Nc3 Rfb8 1/2-1/2

[Event "24th Klatovy A 2016"]
[Site "Klatovy CZE"]
[Date "2016.07.10"]
[Round "9.27"]
[White "Mueller, Michael3"]
[Black "Maly, Filip"]
[Result "1-0"]
[WhiteElo "2102"]
[BlackElo "1954"]
[PlyCount "65"]
[EventDate "2016.07.02"]
[EventType "swiss"]
[EventRounds "9"]
[EventCountry "CZE"]

1. e4 c5 2. c4 Nc6 3. Nc3 g6 4. g3 Bg7 5. Bg2 Nf6 6. Nge2 O-O 7. O-O Rb8 8. d3 a6 9. a4 e5 10. f4 d6 11. h3 Nd4 12. Rb1 Nh5 13. Kh2 exf4 14. gxf4 Qh4 15. Be3 b5 16. axb5 Nxe2 17. Nxe2 axb5 18. b4 bxc4 19. bxc5 Rxb1 20. Qxb1 dxc5 21. Bxc5 cxd3 22. Qxd3 Rd8 23. Qf3 Ba6 24. Bf2 Qf6 25. Be3 Rd3 26. e5 Qd8 27. Ra1 Qc8 28. Nd4 Bh6 29. Nc6 Kg7 30. Ne7 Qd7 31. f5 Bf4+ 32. Bxf4 Rxf3 33. f6+ 1-0

[Event "24th Klatovy A 2016"]
[Site "Klatovy CZE"]
[Date "2016.07.10"]
[Round "9.28"]
[White "Novy, Daniel"]
[Black "Psaila, Clarence"]
[Result "1/2-1/2"]
[WhiteElo "1987"]
[BlackElo "2080"]
[PlyCount "69"]
[EventDate "2016.07.02"]
[EventType "swiss"]
[EventRounds "9"]
[EventCountry "CZE"]

1. e4 e6 2. d4 d5 3. exd5 exd5 4. Bd3 Bd6 5. Nf3 Ne7 6. O-O Nbc6 7. Re1 Bg4 8. c3 Qd7 9. Be3 O-O-O 10. Nbd2 Rde8 11. Qa4 Kb8 12. b4 Nxd4 13. b5 Nxf3+ 14. gxf3 Bxh2+ 15. Kxh2 Qd6+ 16. Kg1 Bh3 17. Bxa7+ Kc8 18. Be3 f5 19. Qf4 Qg6+ 20. Qg3 Qh5 21. b6 cxb6 22. Bxb6 Qg6 23. Be3 Qh5 24. c4 d4 25. Bxd4 f4 26. Qxf4 Rhf8 27. Qe5 Nf5 28. Qc5+ Kd8 29. Qa5+ Kd7 30. Ne4 Rxe4 31. Rxe4 Qg6+ 32. Rg4 Bxg4 33. Qd5+ Kc8 34. Qc5+ Kd7 35. Qd5+ 1/2-1/2

[Event "24th Klatovy A 2016"]
[Site "Klatovy CZE"]
[Date "2016.07.10"]
[Round "9.29"]
[White "Soural, Karel"]
[Black "Brock, Ditmar"]
[Result "1/2-1/2"]
[WhiteElo "2035"]
[BlackElo "1931"]
[PlyCount "20"]
[EventDate "2016.07.02"]
[EventType "swiss"]
[EventRounds "9"]
[EventCountry "CZE"]

1. e4 c5 2. Nf3 d6 3. d4 cxd4 4. Nxd4 Nf6 5. Nc3 a6 6. Bg5 e6 7. Qd2 h6 8. Bxf6 Qxf6 9. O-O-O Nc6 10. f4 Qxd4 1/2-1/2

[Event "24th Klatovy A 2016"]
[Site "Klatovy CZE"]
[Date "2016.07.10"]
[Round "9.30"]
[White "Vevera, Radek"]
[Black "Dobias, Daniel"]
[Result "1-0"]
[WhiteElo "2000"]
[BlackElo "1827"]
[PlyCount "137"]
[EventDate "2016.07.02"]
[EventType "swiss"]
[EventRounds "9"]
[EventCountry "CZE"]

1. c4 c5 2. Nc3 Nc6 3. Nf3 Nf6 4. g3 g6 5. Bg2 Bg7 6. O-O O-O 7. d4 cxd4 8. Nxd4 Qb6 9. Nc2 d6 10. Rb1 Bf5 11. h3 Nb4 12. e4 Be6 13. Ne3 Rac8 14. b3 Qa5 15. a3 Na6 16. Nb5 Nc7 17. Bd2 Qa6 18. a4 Nxb5 19. axb5 Qb6 20. Nc2 a5 21. Be3 Qc7 22. Nd4 Nd7 23. Nxe6 fxe6 24. Qg4 Rf6 25. Bd4 e5 26. Be3 Nc5 27. Qd1 b6 28. h4 Qd7 29. Kh2 Qb7 30. Bg5 Rff8 31. h5 Ne6 32. Be3 Nd4 33. hxg6 hxg6 34. Bxd4 exd4 35. e5 Qc7 36. Bd5+ Kh7 37. e6 Rh8 38. Qd3 Bf6 39. Kg2 Kg7 40. Rh1 Qc5 41. b4 axb4 42. Rxh8 Rxh8 43. Qf3 Rh5 44. g4 Rg5 45. Rh1 Rxd5 46. cxd5 Qxb5 47. g5 b3 48. gxf6+ exf6 49. Qe4 b2 50. Qxd4 b1=Q 51. Rxb1 Qxb1 52. Qc4 Qf5 53. Qc7+ Kh6 54. Qxd6 Qg5+ 55. Kh1 Qh4+ 56. Kg2 Qe4+ 57. Kf1 Qh1+ 58. Ke2 Qe4+ 59. Kd2 Qd4+ 60. Kc2 Qxf2+ 61. Kc3 Qe1+ 62. Kc4 Qe2+ 63. Kb4 Qb2+ 64. Ka4 Qc2+ 65. Kb5 Qb3+ 66. Kc6 Qa4+ 67. Kb7 Qe8 68. Qd7 Qg8 69. e7 1-0

[Event "24th Klatovy A 2016"]
[Site "Klatovy CZE"]
[Date "2016.07.10"]
[Round "9.31"]
[White "Holy, Filip"]
[Black "Skopec, Lubos"]
[Result "1/2-1/2"]
[WhiteElo "1977"]
[BlackElo "1985"]
[PlyCount "39"]
[EventDate "2016.07.02"]
[EventType "swiss"]
[EventRounds "9"]
[EventCountry "CZE"]

1. e4 c5 2. c3 d5 3. exd5 Qxd5 4. d4 e6 5. Nf3 Nf6 6. Be2 Be7 7. O-O O-O 8. Ne5 Qd8 9. Be3 cxd4 10. Bxd4 Qc7 11. Nd2 Nbd7 12. Ndf3 b6 13. Re1 Bb7 14. Bd3 Nxe5 15. Nxe5 Bc5 16. Bxc5 Qxc5 17. Qd2 Rad8 18. Rad1 Rd5 19. Bc2 Qc7 20. Bb3 1/2-1/2

[Event "24th Klatovy A 2016"]
[Site "Klatovy CZE"]
[Date "2016.07.10"]
[Round "9.32"]
[White "Stinka, Jakub"]
[Black "Hajek, Jiri2"]
[Result "1/2-1/2"]
[WhiteElo "1916"]
[BlackElo "1981"]
[PlyCount "64"]
[EventDate "2016.07.02"]
[EventType "swiss"]
[EventRounds "9"]
[EventCountry "CZE"]

1. e4 g6 2. d4 Bg7 3. Nc3 d6 4. f4 Nc6 5. Nf3 Bg4 6. Bb5 Bxf3 7. Qxf3 a6 8. Bxc6+ bxc6 9. e5 d5 10. O-O e6 11. b3 h5 12. Ba3 Nh6 13. Ne2 Nf5 14. c4 Bf8 15. Bxf8 Kxf8 16. Rac1 Kg7 17. cxd5 cxd5 18. Rc5 Ne7 19. Qc3 c6 20. Qa5 Qxa5 21. Rxa5 Rhb8 22. Rc1 Rb5 23. Rxb5 axb5 24. Rc2 Kf8 25. Kf2 Ke8 26. Ke3 Kd7 27. Nc3 Ra3 28. Kd3 Nf5 29. g3 Ke7 30. Ne2 Kd7 31. Nc3 Ke7 32. Ne2 Kd7 1/2-1/2

[Event "24th Klatovy A 2016"]
[Site "Klatovy CZE"]
[Date "2016.07.10"]
[Round "9.35"]
[White "Lacina, Filip"]
[Black "Sysel, Jaroslav"]
[Result "1-0"]
[WhiteElo "1981"]
[BlackElo "1879"]
[PlyCount "89"]
[EventDate "2016.07.02"]
[EventType "swiss"]
[EventRounds "9"]
[EventCountry "CZE"]

1. Nf3 Nf6 2. g3 b6 3. d3 Bb7 4. Bg2 g6 5. O-O Bg7 6. e4 d6 7. Nbd2 O-O 8. Qe2 Nbd7 9. Re1 c5 10. Nh4 e6 11. f4 Qc7 12. Ndf3 Rac8 13. c4 Nb8 14. Bd2 Rce8 15. h3 Nc6 16. g4 Kh8 17. f5 exf5 18. gxf5 Ne5 19. Bf4 Nfd7 20. Rad1 Nxf3+ 21. Bxf3 Ne5 22. Bg4 Qe7 23. Ng2 g5 24. Bg3 Nc6 25. Ne3 Nd4 26. Qf2 Be5 27. Rf1 Bxg3 28. Qxg3 Qe5 29. Qg2 f6 30. Bh5 Rc8 31. Rd2 Bc6 32. Qg4 Be8 33. Rg2 Rc7 34. Kh1 Rg7 35. Nd5 Bf7 36. Bxf7 Rfxf7 37. Qh5 Nc6 38. a3 Ne7 39. Nc7 g4 40. Ne6 g3 41. Rf3 Nc6 42. Nxg7 Rxg7 43. Qh4 Nd4 44. Rfxg3 Rxg3 45. Qxg3 1-0

[Event "24th Klatovy A 2016"]
[Site "Klatovy CZE"]
[Date "2016.07.10"]
[Round "9.36"]
[White "Van der Hoeven, Gerben"]
[Black "Ruzicka, Ondrej"]
[Result "1/2-1/2"]
[WhiteElo "1968"]
[BlackElo "1863"]
[PlyCount "97"]
[EventDate "2016.07.02"]
[EventType "swiss"]
[EventRounds "9"]
[EventCountry "CZE"]

1. e4 c5 2. Nf3 d6 3. c3 Nf6 4. d3 Bg4 5. Be2 e6 6. h3 Bxf3 7. Bxf3 Be7 8. O-O O-O 9. Bf4 Nc6 10. Na3 d5 11. Qb3 dxe4 12. dxe4 e5 13. Rad1 Qb6 14. Qxb6 axb6 15. Be3 h6 16. Rd2 Ra4 17. Bd1 Ra5 18. Bc2 b5 19. Bb1 b4 20. Nc4 Ra6 21. cxb4 Nxb4 22. Nxe5 Nxa2 23. Nd7 Rc8 24. e5 Nh7 25. Bd3 c4 26. Be4 Rc7 27. Bb6 Bb4 28. Nf6+ gxf6 29. Rd8+ Kg7 30. Bxc7 b5 31. Rb8 Ng5 32. Bd5 c3 33. Rxb5 Be7 34. Bxa2 Rxa2 35. bxc3 Rc2 36. Bd6 Bd8 37. Rc5 Ne4 38. Rc8 Bb6 39. c4 Bxf2+ 40. Rxf2 Nxf2 41. Bf8+ Kg6 42. exf6 Ne4 43. Be7 Kf5 44. c5 Nxf6 45. Rh8 Nd5 46. Bf8 Nf4 47. g4+ Ke4 48. Rxh6 Kf3 49. Bd6 1/2-1/2

[Event "24th Klatovy A 2016"]
[Site "Klatovy CZE"]
[Date "2016.07.10"]
[Round "9.37"]
[White "Richter, Martin1"]
[Black "Spicka, Jan"]
[Result "1-0"]
[WhiteElo "1966"]
[BlackElo "1353"]
[PlyCount "49"]
[EventDate "2016.07.02"]
[EventType "swiss"]
[EventRounds "9"]
[EventCountry "CZE"]

1. e4 c5 2. Nc3 Nc6 3. f4 g6 4. Nf3 Bg7 5. g3 d6 6. Bg2 Nf6 7. O-O O-O 8. d3 e6 9. h3 Rb8 10. Be3 Qe7 11. Qd2 Bd7 12. Qf2 b6 13. g4 Rfe8 14. Rae1 Rbd8 15. f5 exf5 16. exf5 d5 17. g5 Nh5 18. f6 Qd6 19. Nb5 Qb8 20. fxg7 Ng3 21. Nh4 Nxf1 22. Rxf1 Ne5 23. Bxd5 Bxb5 24. Bxf7+ Nxf7 25. Qxf7# 1-0

[Event "24th Klatovy A 2016"]
[Site "Klatovy CZE"]
[Date "2016.07.10"]
[Round "9.38"]
[White "Paldus, Jan"]
[Black "Novotny, Jaroslav2"]
[Result "1/2-1/2"]
[WhiteElo "1753"]
[BlackElo "1953"]
[PlyCount "47"]
[EventDate "2016.07.02"]
[EventType "swiss"]
[EventRounds "9"]
[EventCountry "CZE"]

1. e4 c5 2. Nf3 Nc6 3. d4 cxd4 4. Nxd4 g6 5. Nc3 Bg7 6. Be3 Nf6 7. Be2 O-O 8. O-O d5 9. exd5 Nxd5 10. Nxd5 Qxd5 11. Nxc6 Qxc6 12. c3 Bf5 13. Bf3 Be4 14. Bxe4 Qxe4 15. Qb3 b6 16. Rfe1 Qb7 17. a4 e5 18. a5 Rab8 19. axb6 axb6 20. Ra4 b5 21. Ra7 Qc6 22. Rd1 Qc4 23. Qxc4 bxc4 24. Bc5 1/2-1/2

[Event "24th Klatovy A 2016"]
[Site "Klatovy CZE"]
[Date "2016.07.10"]
[Round "9.39"]
[White "Danek, Vaclav"]
[Black "Kunc, Jan"]
[Result "1-0"]
[WhiteElo "1921"]
[BlackElo "1798"]
[PlyCount "53"]
[EventDate "2016.07.02"]
[EventType "swiss"]
[EventRounds "9"]
[EventCountry "CZE"]

1. e4 c5 2. Nc3 Nc6 3. g3 e6 4. Bg2 Nf6 5. Nge2 d5 6. exd5 exd5 7. d4 c4 8. O-O Bf5 9. Bg5 Nb4 10. Rc1 Qa5 11. Bxf6 gxf6 12. a3 Nc6 13. Nxd5 O-O-O 14. Ne3 Bh6 15. d5 Ne7 16. f4 b5 17. Nxf5 Nxf5 18. Bh3 Qb6+ 19. Kh1 Qe3 20. Bxf5+ Kb8 21. Nc3 Qc5 22. Qf3 Bg7 23. Bh3 h5 24. Qf2 Qd6 25. Bg2 a6 26. Ne4 Qc7 27. d6 1-0

[Event "24th Klatovy A 2016"]
[Site "Klatovy CZE"]
[Date "2016.07.10"]
[Round "9.40"]
[White "Gumustas, Ilgaz"]
[Black "Kovar, Petr"]
[Result "1/2-1/2"]
[WhiteElo "1797"]
[BlackElo "1915"]
[PlyCount "39"]
[EventDate "2016.07.02"]
[EventType "swiss"]
[EventRounds "9"]
[EventCountry "CZE"]

1. e4 c5 2. Nf3 d6 3. Bb5+ Bd7 4. Bxd7+ Qxd7 5. O-O Nf6 6. Re1 Nc6 7. c4 g6 8. d4 cxd4 9. Nxd4 Bg7 10. Nc3 O-O 11. f3 Rfc8 12. Nde2 Ne5 13. b3 Qd8 14. Be3 Nfd7 15. f4 Ng4 16. Qd2 Nxe3 17. Qxe3 Qb6 18. Kf2 a5 19. Rac1 Qxe3+ 20. Kxe3 1/2-1/2

[Event "24th Klatovy A 2016"]
[Site "Klatovy CZE"]
[Date "2016.07.10"]
[Round "9.42"]
[White "Lintner, Felix 1979"]
[Black "Kostelecky, Daniel"]
[Result "1-0"]
[WhiteElo "1826"]
[BlackElo "1862"]
[PlyCount "43"]
[EventDate "2016.07.02"]
[EventType "swiss"]
[EventRounds "9"]
[EventCountry "CZE"]

1. e4 d6 2. d4 Nf6 3. Nc3 g6 4. Bc4 Bg7 5. Nf3 O-O 6. O-O c6 7. Bb3 d5 8. e5 Nfd7 9. Bf4 e6 10. Ne2 c5 11. c4 dxc4 12. Bxc4 Nc6 13. Re1 a6 14. a4 Rb8 15. Qd3 Nb4 16. Qd2 b6 17. Rad1 Qc7 18. d5 Nxe5 19. Nxe5 Bxe5 20. d6 Qc6 21. Bxe5 Bb7 22. f3 1-0

[Event "24th Klatovy A 2016"]
[Site "Klatovy CZE"]
[Date "2016.07.10"]
[Round "9.43"]
[White "Hlozek, David"]
[Black "Molkanov, Oleg 2001"]
[Result "1/2-1/2"]
[WhiteElo "1677"]
[BlackElo "1860"]
[PlyCount "66"]
[EventDate "2016.07.02"]
[EventType "swiss"]
[EventRounds "9"]
[EventCountry "CZE"]

1. e4 c6 2. d4 d5 3. e5 c5 4. Nc3 Nc6 5. Be3 a6 6. f4 Nh6 7. Nf3 Bg4 8. Ne2 Nf5 9. Qd2 Bxf3 10. gxf3 e6 11. O-O-O Rc8 12. Kb1 c4 13. Bh3 Qb6 14. Bxf5 exf5 15. c3 a5 16. Kc2 Qa6 17. Ra1 b5 18. Ng3 g6 19. Kd1 b4 20. Ke2 Be7 21. Kf2 Kd7 22. Qe2 bxc3 23. bxc3 Rb8 24. Rhb1 Rxb1 25. Rxb1 Rb8 26. Rxb8 Nxb8 27. Qb2 Kc7 28. Ne2 Qb6 29. Bc1 Qxb2 30. Bxb2 Kc6 31. Ke3 Na6 32. Kd2 Nc7 33. Kc2 Bf8 1/2-1/2

[Event "24th Klatovy A 2016"]
[Site "Klatovy CZE"]
[Date "2016.07.10"]
[Round "9.44"]
[White "Palla, Rostislav"]
[Black "Kantor, Jozef"]
[Result "1/2-1/2"]
[WhiteElo "1736"]
[BlackElo "1880"]
[PlyCount "49"]
[EventDate "2016.07.02"]
[EventType "swiss"]
[EventRounds "9"]
[EventCountry "CZE"]

1. e4 d6 2. d4 Nf6 3. Nc3 g6 4. Be3 Bg7 5. Qd2 O-O 6. Bh6 c6 7. Bc4 b5 8. Bxg7 Kxg7 9. Bb3 b4 10. Nce2 Nxe4 11. Qxb4 a5 12. Qa3 e5 13. f3 Qg5 14. fxe4 Qxg2 15. Qxd6 Qxh1 16. Qxe5+ Kg8 17. O-O-O Qg2 18. Qf6 Bg4 19. Rf1 Ra7 20. Ng3 Rd7 21. Bc4 a4 22. e5 Rd5 23. Bxd5 Qxd5 24. h3 Be6 25. Nh5 1/2-1/2

[Event "24th Klatovy A 2016"]
[Site "Klatovy CZE"]
[Date "2016.07.10"]
[Round "9.45"]
[White "Svoboda, Jaroslav2"]
[Black "Hacaperka, Michal"]
[Result "0-1"]
[WhiteElo "1711"]
[BlackElo "1887"]
[PlyCount "89"]
[EventDate "2016.07.02"]
[EventType "swiss"]
[EventRounds "9"]
[EventCountry "CZE"]

1. d4 Nf6 2. c4 g6 3. Nc3 Bg7 4. e4 d6 5. Be3 O-O 6. f3 c5 7. d5 a6 8. Qd2 Re8 9. g4 b6 10. h4 h5 11. Be2 Ra7 12. Bh6 e6 13. Bxg7 Kxg7 14. g5 Ng8 15. O-O-O e5 16. f4 exf4 17. Qxf4 Qe7 18. Nf3 Bg4 19. Rde1 Bxf3 20. Qxf3 Nd7 21. Rhf1 Ne5 22. Qf4 f6 23. gxf6+ Nxf6 24. Rg1 Nfg4 25. Kc2 Qxh4 26. Bxg4 Rf8 27. Qg3 Qxg3 28. Rxg3 Nxg4 29. a4 Ne5 30. Kb3 Rf2 31. Rh1 Kh6 32. Rhg1 Rg7 33. Nd1 Rf3+ 34. Rxf3 Nxf3 35. Rg3 Nd2+ 36. Ka3 Nxc4+ 37. Ka2 Rf7 38. b3 Ne5 39. Ka3 Rf3 40. Rg2 g5 41. Re2 Ng4 42. Nb2 h4 43. Ka2 h3 44. b4 c4 45. Nxc4 0-1

[Event "24th Klatovy A 2016"]
[Site "Klatovy CZE"]
[Date "2016.07.10"]
[Round "9.46"]
[White "Novak, Jaromir"]
[Black "Mackova, Veronika"]
[Result "0-1"]
[WhiteElo "1904"]
[BlackElo "1902"]
[PlyCount "76"]
[EventDate "2016.07.02"]
[EventType "swiss"]
[EventRounds "9"]
[EventCountry "CZE"]

1. d4 Nf6 2. Nf3 d6 3. c4 g6 4. Nc3 Bg7 5. e4 O-O 6. Bd3 Nbd7 7. O-O e5 8. dxe5 Nxe5 9. Nxe5 dxe5 10. Bg5 c6 11. Qc2 Qe8 12. b4 Be6 13. Be3 Nd7 14. a4 f5 15. f3 f4 16. Bf2 g5 17. Rfd1 h5 18. Kf1 Qg6 19. Ke2 Bh6 20. h3 g4 21. hxg4 hxg4 22. Rh1 Kg7 23. Rag1 Rh8 24. Qc1 Qf7 25. c5 g3 26. Be1 b6 27. b5 Nxc5 28. bxc6 Nxd3 29. Kxd3 Rhd8+ 30. Kc2 Rac8 31. Bxg3 Rxc6 32. Be1 Bb3+ 33. Kb2 Bxa4 34. g3 Qb3+ 35. Ka1 Rd1 36. Qxd1 Qa3+ 37. Kb1 Bxd1 38. gxf4+ Kf7 0-1